| 000 | 00650nam a2200205Ia 4500 | ||
|---|---|---|---|
| 003 | GCL | ||
| 008 | 140319s9999 xx 000 0 ara d | ||
| 020 | _a8 5222 85516 | ||
| 040 |
_aGCL / _cGCL |
||
| 082 | 0 | 4 |
_a956.79159 _bن ك |
| 100 | 1 | _aنيكيتين، باسيلى | |
| 245 | 1 | 0 |
_aالكرد : _bدراسة سوسيولوجية وتاريخية / _cنيكيتين، باسيلى |
| 250 | _aالاولى | ||
| 260 |
_aبيروت : _bدار الساقى ، _c2001 |
||
| 300 |
_a496 ص ؛ _c24 سم |
||
| 650 | 0 | 4 | _aالاكراد فى العراق |
| 650 | 0 | 4 | _aالاكراد |
| 650 | 0 | 4 | _aالاقليات - العراق |
| 942 |
_2ddc _cBK |
||
| 999 |
_c5112 _d5112 |
||